Giáo trình lí luận văn học : ( Giáo trình Cao đẳng Sư phạm )

Khái quát về lí luận văn học. Phân tích văn học là một thái ý thức thẩm mĩ và là cuộc sống con người. Hình tượng văn học, nghệ sí và quá trình sáng tạo văn học, tiếp nhận, thưởng thức và phê bình văn học, chức năng của văn học....

Descrición completa

Gardado en:
Detalles Bibliográficos
Autor Principal: Trần, Đình Sử
Formato: Libro
Idioma:Undetermined
Publicado: Hà Nội Đại học Sư Phạm 2006
Những chủ đề:
Các nhãn: Engadir etiqueta
Sen Etiquetas, Sexa o primeiro en etiquetar este rexistro!
Thư viện lưu trữ: Trung tâm Học liệu Trường Đại học Cần Thơ
LEADER 01081nam a2200229Ia 4500
001 CTU_113059
008 210402s9999 xx 000 0 und d
020 |c 37000 
082 |a 801.95 
082 |b S550/T.2 
100 |a Trần, Đình Sử 
245 0 |a Giáo trình lí luận văn học : 
245 0 |b ( Giáo trình Cao đẳng Sư phạm ) 
245 0 |c Chủ biên: Trần Đình Sử ; Phan Huy Dũng ... [et al.] 
260 |a Hà Nội 
260 |b Đại học Sư Phạm 
260 |c 2006 
520 |a Khái quát về lí luận văn học. Phân tích văn học là một thái ý thức thẩm mĩ và là cuộc sống con người. Hình tượng văn học, nghệ sí và quá trình sáng tạo văn học, tiếp nhận, thưởng thức và phê bình văn học, chức năng của văn học. 
650 |a Literature,Literature 
650 |x History and criticism,Philosophy 
904 |i Giang 
980 |a Trung tâm Học liệu Trường Đại học Cần Thơ